000 00511nam a22001817a 4500
005 20251108175631.0
008 250721s2017 xx 000 0 ara d
082 1 4 _a722.8/ماج
100 1 _aالماجدي، خزعل
245 1 0 _aالفن الاغريقي /
264 1 _aبيروت :
_bالرافدين،
_c2017.
300 _a349ص.
650 1 7 _aالعمارة اليونانية
650 1 7 _aالفن القديم
650 1 7 _aالفن اليوناني
942 _2ddc
_cBK
999 _c138746
_d138746